Jason Timeline Quiz Stats

 Plays Quiz not verified by Sporcle

Challenge
Share
Tweet
Embed
Score 0/6 Timer 00:30
0 Plays Today
% Correct
Language Festival conversation
76.7%
I've Got Your Number recommendation
60%
Beginning of train stalking
56.7%
Mid-oil-blotting meeting
50%
Asked Anny to formal
46.7%
Koi invitation
33.3%

You're not logged in!

Compare scores with friends on all Sporcle quizzes.
OR
Log In

You Might Also Like...

Show Comments

Extras

Top Quizzes Today


Score Distribution

Your Account Isn't Verified!

In order to create a playlist on Sporcle, you need to verify the email address you used during registration. Go to your Sporcle Settings to finish the process.

Report this User

Report this user for behavior that violates our Community Guidelines.

Details: